[Event "Ottawa Winter op"]
[Site "Ottawa CAN"]
[Date "2026.01.18"]
[Round "4.7"]
[White "Vu, Huy Minh"]
[Black "Wiebe, Isaac"]
[Result "1/2-1/2"]
[WhiteElo "2075"]
[BlackElo "2240"]
[WhiteFideId "-1"]
[BlackFideId "-1"]
[PlyCount "74"]
[GameId "2268007695442226"]
[EventDate "2026.01.16"]
[EventType "swiss"]
[EventRounds "5"]
[EventCountry "CAN"]

1. e4 e5 2. Nf3 Nc6 3. Bc4 d6 4. d3 Na5 5. Nbd2 Be7 6. a3 Nxc4 7. Nxc4 Nf6 8. h3 h6 9. Ne3 Be6 10. c4 c6 11. Qc2 O-O 12. O-O Nh7 13. d4 Ng5 14. Nxg5 Bxg5 15. d5 cxd5 16. Nxd5 Rc8 17. Qe2 Bxd5 18. cxd5 f5 19. f4 exf4 20. Bxf4 Qb6+ 21. Kh1 Bxf4 22. Rxf4 fxe4 23. Qxe4 Rxf4 24. Qxf4 Rf8 25. Qe4 Qxb2 26. Rb1 Qxa3 27. Rxb7 a5 28. Rxg7+ Kxg7 29. Qg4+ Kh8 30. Qd4+ Kg8 31. Qg4+ Kf7 32. Qe6+ Kg7 33. Qg4+ Kh7 34. Qe4+ Kg7 35. Qg4+ Kh7 36. Qe4+ Kg8 37. Qg6+ Kh8 1/2-1/2

[Event "Ottawa Winter op"]
[Site "Ottawa CAN"]
[Date "2026.01.18"]
[Round "4.8"]
[White "Ramesan, Raunak Amit"]
[Black "Qian, Ashley"]
[Result "1/2-1/2"]
[WhiteElo "2079"]
[BlackElo "2158"]
[WhiteFideId "-1"]
[BlackFideId "-1"]
[PlyCount "79"]
[GameId "2268007695442227"]
[EventDate "2026.01.16"]
[EventType "swiss"]
[EventRounds "5"]
[EventCountry "CAN"]

1. e4 c5 2. Nf3 Nc6 3. d4 cxd4 4. Nxd4 Nf6 5. Nc3 e5 6. Ndb5 d6 7. Bg5 a6 8. Na3 b5 9. Nab1 Be7 10. Bxf6 Bxf6 11. a4 b4 12. Nd5 O-O 13. Bc4 a5 14. O-O Bg5 15. c3 Be6 16. cxb4 axb4 17. b3 Na5 18. Nd2 Bxd2 19. Qxd2 Nxc4 20. bxc4 Bxd5 21. Qxd5 Qc7 22. Rfd1 Rfb8 23. Qxd6 Qxd6 24. Rxd6 b3 25. f3 b2 26. Rb1 Rxa4 27. Rd2 Ra1 28. Rdd1 Rxb1 29. Rxb1 Kf8 30. Kf2 Ke7 31. Ke3 Kd6 32. Kd3 Kc5 33. Kc3 Rb4 34. Rxb2 Rxb2 35. Kxb2 Kxc4 36. Kc2 Kd4 37. Kd2 h5 38. g3 g6 39. h4 f6 40. Ke2 1/2-1/2

[Event "Ottawa Winter op"]
[Site "Ottawa CAN"]
[Date "2026.01.18"]
[Round "4.6"]
[White "Clyde, Jordan"]
[Black "Zebaze, Dylane"]
[Result "1-0"]
[WhiteElo "2279"]
[BlackElo "2037"]
[WhiteFideId "-1"]
[BlackFideId "-1"]
[PlyCount "81"]
[GameId "2268007695442228"]
[EventDate "2026.01.16"]
[EventType "swiss"]
[EventRounds "5"]
[EventCountry "CAN"]

1. b3 Nf6 2. Bb2 e6 3. e3 c5 4. f4 b6 5. Nf3 Bb7 6. d3 Nc6 7. Ne5 Nxe5 8. fxe5 Nd5 9. e4 Ne3 10. Qe2 Qg5 11. Na3 a6 12. h4 Qg3+ 13. Kd2 Ng4 14. Qf3 Qxf3 15. gxf3 Nh6 16. Nc4 b5 17. Ne3 Ng8 18. h5 Ne7 19. f4 Nc6 20. Be2 O-O-O 21. h6 g6 22. Raf1 Nd4 23. Bg4 d5 24. c3 dxe4 25. cxd4 cxd4 26. Nc2 e3+ 27. Ke2 Bxh1 28. Rxh1 Bc5 29. Nxe3 dxe3 30. Rc1 Kd7 31. Rxc5 Rc8 32. d4 Rxc5 33. dxc5 Kc6 34. Bd4 Rd8 35. Bf3+ Kc7 36. Bc3 Rg8 37. Ba5+ Kc8 38. c6 g5 39. Bh5 gxf4 40. Bxf7 Rg2+ 41. Kd3 1-0

[Event "Ottawa Winter op"]
[Site "Ottawa CAN"]
[Date "2026.01.18"]
[Round "4.3"]
[White "Kot, Emanuel"]
[Black "Moses, Neil"]
[Result "1-0"]
[WhiteElo "2349"]
[BlackElo "2316"]
[WhiteFideId "-1"]
[BlackFideId "-1"]
[PlyCount "109"]
[GameId "2268007695442229"]
[EventDate "2026.01.16"]
[EventType "swiss"]
[EventRounds "5"]
[EventCountry "CAN"]

1. e4 e5 2. Nf3 Nc6 3. Bb5 a6 4. Ba4 Nge7 5. Bb3 h6 6. Nc3 g6 7. d4 exd4 8. Nxd4 Bg7 9. Be3 O-O 10. a4 d6 11. O-O Nxd4 12. Bxd4 Nc6 13. Bxg7 Kxg7 14. Bd5 f5 15. f4 Qf6 16. Bxc6 bxc6 17. Qd2 Kh7 18. b3 fxe4 19. Nxe4 Qg7 20. Rae1 Bd7 21. Ng3 Rae8 22. Rxe8 Rxe8 23. Qd3 Bc8 24. f5 gxf5 25. Qc4 c5 26. Nxf5 Bxf5 27. Rxf5 Re7 28. Qd3 Qg6 29. h3 Rg7 30. Qf3 Qe6 31. c4 Qe1+ 32. Kh2 Qe6 33. h4 Qe1 34. g3 Qd2+ 35. Kh3 Qe1 36. Kh2 Qd2+ 37. Kh3 Qe1 38. Rf6 Qb1 39. Re6 a5 40. Kg2 Qc2+ 41. Re2 Qg6 42. h5 Qf7 43. Qe4+ Kg8 44. Qa8+ Kh7 45. Qe4+ Kg8 46. Qa8+ Kh7 47. Re8 Qxh5 48. Rh8+ Kg6 49. Qe4+ Kg5 50. Qf4+ Kg6 51. g4 Qg5 52. Qe4+ Kf6 53. Rf8+ Rf7 54. Qf3+ Ke5 55. Rxf7 1-0

[Event "Ottawa Winter op"]
[Site "Ottawa CAN"]
[Date "2026.01.18"]
[Round "4.4"]
[White "Duong, Thanh Nha"]
[Black "Sambuev, Bator"]
[Result "0-1"]
[WhiteElo "2300"]
[BlackElo "2538"]
[WhiteFideId "-1"]
[BlackFideId "-1"]
[PlyCount "128"]
[GameId "2268007695442230"]
[EventDate "2026.01.16"]
[EventType "swiss"]
[EventRounds "5"]
[EventCountry "CAN"]

1. e4 c5 2. Nf3 Nc6 3. d4 cxd4 4. Nxd4 Nf6 5. Nc3 g6 6. Nxc6 dxc6 7. Qxd8+ Kxd8 8. Bc4 Ke8 9. e5 Nh5 10. e6 Bxe6 11. Bxe6 fxe6 12. O-O Bg7 13. Ne4 Bf6 14. Nc5 Kf7 15. Re1 Ng7 16. Nxb7 Rhb8 17. Na5 Bxb2 18. Bxb2 Rxb2 19. Rec1 Rc8 20. a3 Rb5 21. Nb3 Rd8 22. a4 Rb4 23. a5 Nf5 24. Kf1 Rd5 25. Ra3 a6 26. c3 Rc4 27. Ke2 Nd6 28. Nd2 Rg4 29. c4 Rxd2+ 30. Kxd2 Nxc4+ 31. Rxc4 Rxc4 32. Rb3 Ra4 33. Rb6 Rxa5 34. Rxc6 Ra2+ 35. Ke3 a5 36. h4 a4 37. Ra6 a3 38. g4 Ra1 39. Kf3 a2 40. Kg2 e5 41. f3 Ke8 42. Ra7 Kd8 43. Ra3 Kc7 44. Ra6 Kb7 45. Ra4 Kb6 46. Ra8 Kb5 47. Ra7 e4 48. fxe4 e5 49. g5 Kc4 50. h5 gxh5 51. Kh2 Kd3 52. Ra4 Ke3 53. Kg2 Kf4 54. Kh2 Kxg5 55. Kg2 Kf4 56. Kh2 Kf3 57. Ra3+ Kxe4 58. Kg2 Kd4 59. Ra4+ Kc3 60. Ra8 e4 61. Rc8+ Kb4 62. Rb8+ Kc5 63. Rc8+ Kb6 64. Ra8 e3 0-1

[Event "Ottawa Winter op"]
[Site "Ottawa CAN"]
[Date "2026.01.18"]
[Round "4.10"]
[White "Wu, Ting En Ryan"]
[Black "Jutras, Arnaud"]
[Result "0-1"]
[WhiteElo "1969"]
[BlackElo "2110"]
[WhiteFideId "-1"]
[BlackFideId "-1"]
[PlyCount "154"]
[GameId "2268007695442231"]
[EventDate "2026.01.16"]
[EventType "swiss"]
[EventRounds "5"]
[EventCountry "CAN"]

1. e4 e6 2. d4 d5 3. e5 Bd7 4. Nf3 a6 5. a4 c5 6. c3 Nc6 7. Be2 cxd4 8. cxd4 Bb4+ 9. Nc3 Rc8 10. O-O Nge7 11. Bd3 Qb6 12. Be3 Na5 13. Na2 Nc4 14. Bxc4 Rxc4 15. b3 Rc8 16. Nxb4 Qxb4 17. Bc1 Qb6 18. Ba3 f6 19. exf6 gxf6 20. Re1 Ng6 21. Qd3 Kf7 22. Qe3 Qc7 23. g3 Qc3 24. Bc5 Qxe3 25. fxe3 Rc6 26. a5 e5 27. b4 e4 28. Nd2 h5 29. Kg2 h4 30. Rh1 Rcc8 31. Rag1 Rcg8 32. Kf2 Rg7 33. Bd6 Rgh7 34. g4 Rc8 35. Bc5 Nf8 36. h3 Ne6 37. Nb3 Ng5 38. Nd2 Kg6 39. Ke2 Bb5+ 40. Kd1 Rf7 41. Rg2 Re8 42. Nb1 Kh6 43. Nc3 Bc4 44. Ne2 Bxe2+ 45. Kxe2 Kg6 46. Rb1 Rh8 47. Rh1 Rd7 48. Rf2 Nf3 49. Rb1 Rhh7 50. Rg2 Rhg7 51. Bf8 Rgf7 52. Bc5 f5 53. Rf1 Rg7 54. Rff2 Kf6 55. gxf5 Kxf5 56. Bf8 Rg3 57. Rxg3 hxg3 58. Rg2 Rh7 59. Bd6 Rxh3 60. Bxg3 Rh1 61. Bd6 Rg1 62. Rxg1 Nxg1+ 63. Kf2 Nf3 64. Kg3 Ne1 65. Kf2 Nd3+ 66. Kg3 Nb2 67. Kf2 Ke6 68. Bc5 Kd7 69. Kg3 Kc6 70. Kf4 Nd3+ 71. Kf5 Ne1 72. Kg4 Ng2 73. Kg3 Nxe3 74. Kf2 Nf5 75. Ke2 Kb5 76. Kd2 Kc4 77. Ke2 Nxd4+ 0-1

[Event "Ottawa Winter op"]
[Site "Ottawa CAN"]
[Date "2026.01.18"]
[Round "5.2"]
[White "Sambuev, Bator"]
[Black "Kot, Emanuel"]
[Result "1/2-1/2"]
[WhiteElo "2538"]
[BlackElo "2349"]
[WhiteFideId "-1"]
[BlackFideId "-1"]
[PlyCount "110"]
[GameId "2268007695442233"]
[EventDate "2026.01.16"]
[EventType "swiss"]
[EventRounds "5"]
[EventCountry "CAN"]

1. c4 {[%emt 0:00:29]} e6 {[%emt 0:01:41]} 2. Nc3 {[%emt 0:00:17]} Nf6 {[%emt 0:00:13]} 3. e4 {[%emt 0:00:10]} d5 {[%emt 0:00:16]} 4. e5 {[%emt 0:00:07]} d4 {[%emt 0:00:12]} 5. exf6 {[%emt 0:00:06]} dxc3 {[%emt 0:00:05]} 6. bxc3 {[%emt 0:00:04]} Qxf6 {[%emt 0:00:11]} 7. Nf3 {[%emt 0:00:06]} b6 {[%emt 0:06:19]} 8. g3 {[%emt 0:04:31]} Bb7 {[%emt 0:02:50]} 9. Bg2 {[%emt 0:00:37]} Nd7 {[%emt 0:01:53]} 10. d4 {[%emt 1:00:53]} h6 11. O-O Bd6 12. Re1 Rd8 13. Rb1 O-O 14. Re3 Ba8 {[%emt 0:02:52]} 15. Qc2 {[%emt 0:03:17]} Rfe8 {[%emt 0:04:21]} 16. Bb2 {[%emt 0:02:23]} Qf5 {[%emt 0:04:28]} 17. Qd1 {[%emt 0:07:45]} Nf6 {[%emt 0:02:22]} 18. h3 {[%emt 0:03:10]} Ne4 {[%emt 0:10:24]} 19. Qd3 {[%emt 0:07:21]} Ng5 {[%emt 0:04:37]} 20. Qxf5 {[%emt 0:02:52]} exf5 {[%emt 0:00:07]} 21. Rxe8+ {[%emt 0:00:32]} Rxe8 {[%emt 0:00:02]} 22. Nxg5 {[%emt 0:00:15]} hxg5 {[%emt 0:01:17]} 23. Bxa8 {[%emt 0:00:07]} Rxa8 {[%emt 0:00:03]} 24. Bc1 {[%emt 0:00:08]} f6 {[%emt 0:02:54]} 25. Kg2 {[%emt 0:04:28]} Re8 {[%emt 0:01:04]} 26. Bd2 {[%emt 0:00:29]} Kf7 {[%emt 0:02:50]} 27. a4 {[%emt 0:01:41]} Rh8 {[%emt 0:09:49]} 28. a5 Ke6 {[%emt 0:00:32]} 29. Rb5 {[%emt 0:02:44]} g6 {[%emt 0:03:00]} 30. Be3 {[%emt 0:04:37]} Kd7 {[%emt 0:03:00]} 31. d5 {[%emt 0:04:14]} f4 {[%emt 0:04:34]} 32. gxf4 {[%emt 0:02:32]} gxf4 {[%emt 0:00:24]} 33. Bd4 {[%emt 0:00:05]} Be5 {[%emt 0:02:08]} 34. f3 {[%emt 0:11:18]} Re8 {[%emt 0:00:39]} 35. axb6 {[%emt 0:04:51]} axb6 {[%emt 0:00:14]} 36. c5 {[%emt 0:00:06]} Bxd4 {[%emt 0:00:52]} 37. cxd4 {[%emt 0:00:06]} bxc5 {[%emt 0:00:43]} 38. Rxc5 {[%emt 0:00:08]} Re2+ {[%emt 0:00:50]} 39. Kg1 {[%emt 0:00:38]} Rb2 {[%emt 0:03:48]} 40. Ra5 {[%emt 0:05:28]} Kd6 41. Rc5 Rb6 42. h4 Rb2 43. Kf1 {[%emt 0:01:16]} Rh2 {[%emt 0:00:18]} 44. Rc6+ {[%emt 0:00:54]} Kxd5 {[%emt 0:00:02]} 45. Rxf6 {[%emt 0:00:06]} Rxh4 {[%emt 0:00:23]} 46. Rxg6 {[%emt 0:00:27]} Kxd4 {[%emt 0:00:02]} 47. Rc6 {[%emt 0:00:09]} Rh7 {[%emt 0:00:08]} 48. Ke2 {[%emt 0:00:19]} Rf7 {[%emt 0:00:05]} 49. Kd2 {[%emt 0:00:24]} Kd5 {[%emt 0:00:06]} 50. Rh6 {[%emt 0:00:20]} c5 {[%emt 0:00:11]} 51. Rg6 {[%emt 0:01:01]} Kd4 {[%emt 0:00:17]} 52. Re6 {[%emt 0:00:07]} Kd5 {[%emt 0:01:22]} 53. Re4 {[%emt 0:00:04]} Rf8 {[%emt 0:00:31]} 54. Kd3 {[%emt 0:00:10]} Rf7 {[%emt 0:00:17]} 55. Kc3 {[%emt 0:00:07]} Rf8 {[%emt 0:00:21]} 1/2-1/2

[Event "Ottawa Winter op"]
[Site "Ottawa CAN"]
[Date "2026.01.18"]
[Round "5.3"]
[White "Iordanescu, Victor Nicolae"]
[Black "Dukic, Zachary"]
[Result "0-1"]
[WhiteElo "2193"]
[BlackElo "2366"]
[WhiteFideId "-1"]
[BlackFideId "-1"]
[PlyCount "50"]
[GameId "2268007695442234"]
[EventDate "2026.01.16"]
[EventType "swiss"]
[EventRounds "5"]
[EventCountry "CAN"]

1. c4 c5 2. Nc3 Nc6 3. g3 g6 4. Bg2 Bg7 5. e3 Bxc3 6. bxc3 f5 7. h4 Nf6 8. h5 g5 9. h6 g4 10. Ne2 e5 11. d4 d6 12. Qc2 O-O 13. Bd2 Na5 14. e4 Nxe4 15. Bxe4 fxe4 16. Qxe4 Qf6 17. O-O-O Bf5 18. Qd5+ Be6 19. Qxd6 Nxc4 20. dxe5 Qf7 21. Qxc5 Rac8 22. Qd4 Qe7 23. Kb1 Rcd8 24. Qxa7 Ra8 25. Qd4 Qa3 0-1

[Event "Ottawa Winter op"]
[Site "Ottawa CAN"]
[Date "2026.01.18"]
[Round "5.4"]
[White "Chiku-Ratte, Oliver-Kenta"]
[Black "Clyde, Jordan"]
[Result "1-0"]
[WhiteElo "2448"]
[BlackElo "2279"]
[WhiteFideId "-1"]
[BlackFideId "-1"]
[PlyCount "75"]
[GameId "2268007695442235"]
[EventDate "2026.01.16"]
[EventType "swiss"]
[EventRounds "5"]
[EventCountry "CAN"]

1. d4 d6 2. c4 Nf6 3. Nc3 e5 4. Nf3 exd4 5. Nxd4 c6 6. g3 d5 7. cxd5 Nxd5 8. Bg2 Bb4 9. Bd2 Bc5 10. Nb3 Nxc3 11. Bxc3 Qxd1+ 12. Rxd1 Bf8 13. O-O f6 14. Nd4 Be7 15. Be4 Bh3 16. Rfe1 Nd7 17. Nf5 Nc5 18. Nxg7+ Kf7 19. Bf5 Kxg7 20. Bxh3 Rhd8 21. Ba5 b6 22. Bd2 Na4 23. Bc1 Bc5 24. Bd7 Bb4 25. Rf1 Nc5 26. Bxc6 Rxd1 27. Rxd1 Rc8 28. Bf3 Na4 29. Rd7+ Kg6 30. Bf4 Nxb2 31. Rxa7 Nc4 32. h4 h5 33. Be4+ f5 34. Bd5 Nd6 35. Ra6 Ba5 36. Bxd6 Rd8 37. Bc7 Rxd5 38. Bxb6 1-0

[Event "Ottawa Winter op"]
[Site "Ottawa CAN"]
[Date "2026.01.18"]
[Round "5.10"]
[White "Zebaze, Dylane"]
[Black "Nassar, Marc"]
[Result "0-1"]
[WhiteElo "2037"]
[BlackElo "2135"]
[WhiteFideId "-1"]
[BlackFideId "-1"]
[PlyCount "128"]
[GameId "2268007695442236"]
[EventDate "2026.01.16"]
[EventType "swiss"]
[EventRounds "5"]
[EventCountry "CAN"]

1. d4 c5 2. d5 d6 3. e4 Nf6 4. Nc3 e6 5. Nf3 exd5 6. exd5 Be7 7. Be2 O-O 8. O-O Na6 9. Bf4 Nc7 10. a4 b6 11. Ne1 Rb8 12. Bf3 a6 13. Nd3 Re8 14. Re1 h6 15. h3 Bf8 16. Qd2 Rxe1+ 17. Rxe1 Bf5 18. b3 b5 19. axb5 axb5 20. Ra1 b4 21. Ne2 Ne4 22. Qc1 Nxd5 23. Bh2 Nef6 24. Nb2 Be4 25. Bxe4 Nxe4 26. Nc4 Qf6 27. f3 Ndc3 28. Nxc3 Nxc3 29. Kh1 Re8 30. Qf4 Qg6 31. Nxd6 Re2 32. Bg3 Re6 33. Ne4 Rxe4 34. fxe4 Ne2 35. Qb8 Nxg3+ 36. Kh2 Nxe4 37. Ra8 Qd6+ 38. Qxd6 Nxd6 39. Kg3 Nf5+ 40. Kf4 Nd4 41. Ra2 Ne6+ 42. Ke4 Kh7 43. Ra8 Kg6 44. c3 Be7 45. cxb4 cxb4 46. Ra7 Bf6 47. Ra5 Bc3 48. Rd5 f5+ 49. Ke3 Kf6 50. g3 Be5 51. Rb5 Bc3 52. Rd5 g5 53. g4 f4+ 54. Ke4 Ke7 55. Rb5 Nd4 56. Rb7+ Kd6 57. Rh7 Nxb3 58. Rxh6+ Ke7 59. h4 Nd2+ 60. Kd3 f3 61. Ke3 b3 62. hxg5 b2 63. Rh1 Kf7 64. Kd3 b1=Q+ 0-1

[Event "Ottawa Winter op"]
[Site "Ottawa CAN"]
[Date "2026.01.18"]
[Round "5.9"]
[White "Qian, Ashley"]
[Black "Tan, Shuwen"]
[Result "1-0"]
[WhiteElo "2158"]
[BlackElo "1983"]
[WhiteFideId "-1"]
[BlackFideId "-1"]
[PlyCount "57"]
[GameId "2268007695442237"]
[EventDate "2026.01.16"]
[EventType "swiss"]
[EventRounds "5"]
[EventCountry "CAN"]

1. e4 d6 2. d4 Nf6 3. Nc3 e5 4. Nf3 Nbd7 5. Bc4 Be7 6. O-O c6 7. Re1 O-O 8. a4 h6 9. b3 Re8 10. Bb2 exd4 11. Nxd4 Ne5 12. Bf1 Bf8 13. Qd2 c5 14. Nde2 c4 15. Nf4 cxb3 16. cxb3 Nh7 17. Nfd5 Be6 18. Bb5 Bd7 19. Kh1 h5 20. Bxd7 Qxd7 21. Nb5 h4 22. f4 Ng6 23. Nbc7 h3 24. gxh3 Qxh3 25. Qg2 Qxb3 26. Re3 Qc4 27. Rc3 Qd4 28. Nxe8 Nh4 29. Rg3 1-0

[Event "Ottawa Winter op"]
[Site "Ottawa CAN"]
[Date "2026.01.18"]
[Round "5.5"]
[White "Moses, Neil"]
[Black "Jutras, Arnaud"]
[Result "1-0"]
[WhiteElo "2316"]
[BlackElo "2110"]
[WhiteFideId "-1"]
[BlackFideId "-1"]
[PlyCount "99"]
[GameId "2268007695442238"]
[EventDate "2026.01.16"]
[EventType "swiss"]
[EventRounds "5"]
[EventCountry "CAN"]

1. e4 c6 2. d4 d5 3. e5 c5 4. Nf3 Nc6 5. dxc5 Bg4 6. c3 e6 7. Be3 Qc7 8. Nbd2 Nge7 9. Qa4 Bxf3 10. Nxf3 Ng6 11. Bb5 Be7 12. O-O O-O 13. Bxc6 bxc6 14. Bd4 Rfb8 15. b4 a5 16. Qb3 Qa7 17. Rfb1 a4 18. Qc2 Qa6 19. Re1 Nh4 20. Nxh4 Bxh4 21. Re3 g6 22. Rh3 Bg5 23. Rf1 Kh8 24. f4 Be7 25. g4 Rg8 26. Rff3 Rg7 27. Rh6 Qc8 28. Rfh3 Qg8 29. a3 Ra7 30. Qd3 Qb8 31. Kh1 Qb5 32. Qxb5 cxb5 33. Kg2 Ra8 34. Kf2 Rf8 35. Rf3 f5 36. exf6 Bxf6 37. Bxf6 Rxf6 38. Ke3 Kg8 39. Kd4 Kf7 40. Ke5 Ke7 41. f5 Rgf7 42. fxg6 Rxf3 43. gxf7 Re3+ 44. Kd4 Re4+ 45. Kd3 Kxf7 46. Rxh7+ Kg6 47. Rb7 Rc4 48. Rxb5 e5 49. Rb6+ Kg5 50. Rd6 1-0

[Event "Ottawa Winter op"]
[Site "Ottawa CAN"]
[Date "2026.01.18"]
[Round "5.6"]
[White "Zhu, Elber"]
[Black "Duong, Thanh Nha"]
[Result "0-1"]
[WhiteElo "2151"]
[BlackElo "2300"]
[WhiteFideId "-1"]
[BlackFideId "-1"]
[PlyCount "90"]
[GameId "2268007695442239"]
[EventDate "2026.01.16"]
[EventType "swiss"]
[EventRounds "5"]
[EventCountry "CAN"]

1. d4 Nf6 2. Nf3 e6 3. c4 b6 4. g3 Ba6 5. b3 Bb4+ 6. Bd2 Be7 7. Bg2 d5 8. Ne5 c6 9. Bc3 O-O 10. O-O Qc7 11. Nd2 Nbd7 12. Nxd7 Qxd7 13. e4 dxe4 14. Nxe4 Bb7 15. Qc2 c5 16. Nxf6+ Bxf6 17. d5 Bxc3 18. dxe6 Qxe6 19. Qxc3 Bxg2 20. Kxg2 Rad8 21. Rfe1 Qc6+ 22. Qf3 Qxf3+ 23. Kxf3 a5 24. Rad1 g6 25. h4 h5 26. a4 Kg7 27. Kf4 Kf6 28. Kf3 Kf5 29. Rf1 f6 30. Rh1 Rfe8 31. Kg2 Rd4 32. Rxd4 cxd4 33. Kf3 Re4 34. Rc1 g5 35. c5 g4+ 36. Kg2 bxc5 37. Rxc5+ Re5 38. Rc1 Ke4 39. Kf1 Kd3 40. Rc4 f5 41. f4 gxf3 42. Kf2 Re2+ 43. Kxf3 Rc2 44. Rxc2 Kxc2 45. b4 d3 0-1

[Event "Ottawa Winter op"]
[Site "Ottawa CAN"]
[Date "2026.01.18"]
[Round "5.7"]
[White "Wiebe, Isaac"]
[Black "Latreille, Etienne"]
[Result "1/2-1/2"]
[WhiteElo "2240"]
[BlackElo "2069"]
[WhiteFideId "-1"]
[BlackFideId "-1"]
[PlyCount "87"]
[GameId "2268007695442240"]
[EventDate "2026.01.16"]
[EventType "swiss"]
[EventRounds "5"]
[EventCountry "CAN"]

1. e4 c5 2. Nf3 Nc6 3. d4 cxd4 4. Nxd4 g6 5. c4 Nf6 6. Nc3 Nxd4 7. Qxd4 d6 8. Be2 Bg7 9. Be3 O-O 10. Qd2 a5 11. O-O a4 12. Rab1 Be6 13. f3 Nd7 14. Nd5 Bxd5 15. exd5 Qa5 16. Qxa5 Rxa5 17. f4 Nc5 18. Rfc1 Ra6 19. Kf2 e5 20. dxe6 fxe6 21. Kg1 e5 22. fxe5 Bxe5 23. Rc2 Raa8 24. Bf3 Rae8 25. Bf2 Nd3 26. Bb6 Nb4 27. Rd2 Nc6 28. b3 Bf4 29. Rdd1 Ne5 30. Bxb7 Ng4 31. Bd5+ Kg7 32. Bd4+ Kh6 33. g3 Be3+ 34. Bxe3+ Rxe3 35. Rd2 Rc3 36. b4 Ne5 37. b5 Rb8 38. Rb4 Nd3 39. Rb1 Ne5 40. Rb4 Nd3 41. Rb1 Ne5 42. b6 a3 43. Rb3 Rc1+ 44. Kg2 1/2-1/2

[Event "Ottawa Winter op U1900"]
[Site "Ottawa CAN"]
[Date "2026.01.18"]
[Round "4.20"]
[White "Langer, Herb"]
[Black "Serdula, Jay"]
[Result "1-0"]
[WhiteElo "1669"]
[BlackElo "1732"]
[WhiteFideId "-1"]
[BlackFideId "-1"]
[PlyCount "43"]
[GameId "2268007695442223"]
[EventDate "2026.01.16"]
[EventType "swiss"]
[EventRounds "5"]
[EventCountry "CAN"]

1. d4 Nf6 2. Nf3 g6 3. c4 Bg7 4. Nc3 d5 5. cxd5 Nxd5 6. e4 Nxc3 7. bxc3 O-O 8. Bc4 c5 9. Be3 cxd4 10. cxd4 Nc6 11. h3 a6 12. Rc1 Qc7 13. O-O Bd7 14. Qd2 Qa5 15. Rfd1 Qxd2 16. Rxd2 Rfd8 17. d5 Ne5 18. Nxe5 Bxe5 19. f4 Bg7 20. e5 Bf5 21. g4 Rac8 22. Bb6 1-0

[Event "Pillsbury"]
[Site "Gatineau CAN"]
[Date "2026.01.06"]
[Round "1"]
[White "Thibeault, Alain"]
[Black "Arsenault, Michel"]
[Result "0-1"]
[WhiteElo "1166"]
[BlackElo "1666"]
[WhiteFideId "-1"]
[BlackFideId "-1"]
[PlyCount "36"]
[GameId "2265984258009796"]
[EventDate "2026.01.05"]
[EventType "swiss"]
[EventRounds "7"]
[EventCountry "CAN"]

1. e4 c5 2. Nc3 Nc6 3. f4 e6 4. Nf3 d5 5. exd5 exd5 6. Bb5 Nf6 7. O-O Be7 8. Ne5 Bd7 9. Nxc6 bxc6 10. Ba4 O-O 11. Qe1 Re8 12. d3 Bd6 13. Qf2 Qc7 14. h3 h5 15. Ne2 Re7 16. f5 Rae8 17. Re1 Bg3 18. Bf4 Bxf2+ 0-1

[Event "Pillsbury"]
[Site "Gatineau CAN"]
[Date "2026.01.06"]
[Round "1"]
[White "Tsanov, Denise"]
[Black "Scrieciu, Cristian"]
[Result "1-0"]
[WhiteElo "1402"]
[BlackElo "1186"]
[WhiteFideId "-1"]
[BlackFideId "-1"]
[PlyCount "45"]
[GameId "2265984258009797"]
[EventDate "2026.01.05"]
[EventType "swiss"]
[EventRounds "7"]
[EventCountry "CAN"]

1. e4 c5 2. Nc3 d6 3. f4 Nc6 4. Bb5 Bd7 5. d3 a6 6. Bxc6 Bxc6 7. Nf3 Nf6 8. O-O e6 9. Qe1 Be7 10. Qg3 O-O 11. e5 Nh5 12. Qh3 g6 13. g4 Ng7 14. Qh6 dxe5 15. Nxe5 Qd4+ 16. Rf2 c4 17. Nxc4 Bb4 18. Be3 Qd8 19. Ne5 Be8 20. Ne4 f6 21. Nf3 Be7 22. Bd4 Bc6 23. Neg5 1-0

[Event "Pillsbury"]
[Site "Gatineau CAN"]
[Date "2026.01.06"]
[Round "1"]
[White "Zebaze, Dylane"]
[Black "Schaper, Grant"]
[Result "1-0"]
[WhiteElo "1912"]
[BlackElo "1356"]
[WhiteFideId "-1"]
[BlackFideId "-1"]
[PlyCount "93"]
[GameId "2265984257804983"]
[EventDate "2026.01.05"]
[EventType "swiss"]
[EventRounds "7"]
[EventCountry "CAN"]

1. d4 e6 2. Nf3 d5 3. Bf4 Nf6 4. Nbd2 Bd6 5. Bg3 Nc6 6. e3 Bxg3 7. hxg3 Bd7 8. c3 Qe7 9. b4 a6 10. a4 Qd6 11. Bd3 Ne7 12. Ne5 Nc6 13. f4 Qe7 14. Ndf3 h6 15. g4 Nxe5 16. Nxe5 O-O-O 17. Qb3 Be8 18. b5 a5 19. b6 Rd6 20. bxc7 Qxc7 21. Rb1 Nd7 22. c4 Rb6 23. Qa2 Rxb1+ 24. Bxb1 Nxe5 25. fxe5 Qxc4 26. Qxc4+ dxc4 27. Bc2 Bc6 28. Rf1 Rf8 29. Kd2 Bxg2 30. Rf2 Bc6 31. Kc3 b5 32. axb5 Bxb5 33. Be4 Kc7 34. Rb2 Kb6 35. Bf3 Rc8 36. Bd1 Ka6 37. e4 Bc6 38. Bf3 Rc7 39. d5 Bb5 40. Rd2 exd5 41. exd5 Kb6 42. d6 Rd7 43. Be4 Bc6 44. Bf5 Rd8 45. Kxc4 Bd7 46. Rb2+ Kc6 47. Be4# 1-0

[Event "Pillsbury"]
[Site "Gatineau CAN"]
[Date "2026.01.06"]
[Round "1"]
[White "Bourbeau, Florent"]
[Black "Mallette, Mathieu"]
[Result "1/2-1/2"]
[WhiteElo "1627"]
[BlackElo "1311"]
[WhiteFideId "-1"]
[BlackFideId "-1"]
[PlyCount "66"]
[GameId "2265984257829560"]
[EventDate "2026.01.05"]
[EventType "swiss"]
[EventRounds "7"]
[EventCountry "CAN"]

1. e4 c6 2. d4 d5 3. e5 Bf5 4. Nd2 e6 5. Nb3 Nd7 6. Nf3 a6 7. Be2 c5 8. dxc5 Bxc5 9. Nxc5 Qa5+ 10. c3 Qxc5 11. Be3 Qc7 12. Qa4 Ne7 13. Bb5 Rd8 14. Bxd7+ Rxd7 15. O-O O-O 16. Nh4 Rfd8 17. Nxf5 Nxf5 18. Bd4 Nxd4 19. Qxd4 b5 20. f4 Qa7 21. Rac1 Rc8 22. g4 Rc4 23. Qxa7 Rxa7 24. b3 Re4 25. Rce1 Rxe1 26. Rxe1 Rc7 27. Rc1 a5 28. Kf2 Kf8 29. Ke3 Ke7 30. Kd4 b4 31. c4 dxc4 32. bxc4 Kd7 33. f5 Kc6 1/2-1/2

[Event "Pillsbury"]
[Site "Gatineau CAN"]
[Date "2026.01.06"]
[Round "1"]
[White "Pontier-Lavois, Hadrien"]
[Black "Latreille, Etienne"]
[Result "0-1"]
[WhiteElo "1615"]
[BlackElo "1984"]
[WhiteFideId "-1"]
[BlackFideId "-1"]
[PlyCount "50"]
[GameId "2265984257870521"]
[EventDate "2026.01.05"]
[EventType "swiss"]
[EventRounds "7"]
[EventCountry "CAN"]

1. e4 c5 2. c3 Nf6 3. e5 Nd5 4. d4 cxd4 5. cxd4 d6 6. Bc4 e6 7. Nf3 Nc6 8. Bd3 Be7 9. O-O O-O 10. a3 f5 11. Kh1 dxe5 12. dxe5 Qc7 13. Qe2 Rd8 14. g4 b6 15. gxf5 exf5 16. Rg1 Bb7 17. Rg2 Nd4 18. Nxd4 Qxc1+ 19. Qf1 Qxf1+ 20. Bxf1 Nf4 21. Nxf5 Bxg2+ 22. Kg1 Rd1 23. Nxe7+ Kf7 24. Nd2 Rxa1 25. Nd5 Bxd5 0-1

[Event "Pillsbury"]
[Site "Gatineau CAN"]
[Date "2026.01.06"]
[Round "1"]
[White "Brault, Jean-Francois"]
[Black "Desroches, Maxime"]
[Result "0-1"]
[WhiteElo "1533"]
[BlackElo "1529"]
[WhiteFideId "-1"]
[BlackFideId "-1"]
[PlyCount "56"]
[GameId "2265984257956544"]
[EventDate "2026.01.05"]
[EventType "swiss"]
[EventRounds "7"]
[EventCountry "CAN"]

1. e4 e6 2. Nf3 d5 3. exd5 exd5 4. d4 Nf6 5. Bg5 Bf5 6. Bd3 Bxd3 7. Qxd3 Be7 8. O-O O-O 9. Nbd2 Nbd7 10. Rfe1 Re8 11. c3 c6 12. Nf1 Qc7 13. Ng3 h6 14. Bd2 Bd6 15. Nf5 Ne4 16. Nxd6 Qxd6 17. g3 Nxd2 18. Qxd2 Re4 19. Rxe4 dxe4 20. Nh4 Re8 21. Re1 Qd5 22. a3 g5 23. Ng2 Ne5 24. Ne3 Nf3+ 25. Kg2 Nxd2 26. Nxd5 cxd5 27. Re2 Nc4 28. h3 f5 0-1